| 000 | 00636nam a2200181Ia 4500 | ||
|---|---|---|---|
| 003 | LDD | ||
| 008 | 190117s9999 xx 000 0 und d | ||
| 020 | _c₹100 | ||
| 040 | _cLDD | ||
| 041 | _ahi | ||
| 082 | _a8H3.7 रा 2656 रा | ||
| 100 | _aराजूरकर, भ.ह. | ||
| 245 | 0 |
_aरामकथा के पात्र _cभ.ह. राजूरकर |
|
| 246 |
_aRamkatha ke patra _b वाल्मीकी तुलसी एंव मैथलीशरण गुप्त के संदर्भ म |
||
| 260 |
_aकानपुर _bग्रन्था |
||
| 300 | _a451प्र. | ||
| 942 |
_2ddc _cH |
||
| 999 |
_c168365 _d168365 |
||